000 00632nam a22002057a 4500
999 _c8848
_d8848
003 AR-CdUCM
008 190326b ||||| |||| 00| 0 spa d
020 _a978-60345175-6-1
040 _aMUNICIPALIDAD PROVINCIAL DEL CUSCO
_cBIBLIOTECA MUNICIPAL DEL CUSCO
082 _aEP / 376 /
_bP33
100 _aPaz,Andrea
_924640
245 _aLos Peruguntones :
_bel libro de preguntas y respuestas para peruanos curiosos /
260 _aLima :
_bPlaneta PerĂº,
_c2008.
300 _c28 cm.
500 _aPaginas sin numerar.
650 _aLiteratura infantil
_9588
650 _aSiglo XXI
_92856
942 _2ddc
_cLIBROS
945 _aafb